<?xml version="1.0" encoding="UTF-8"?>
<record
    xmlns:xsi="http://www.w3.org/2001/XMLSchema-instance"
    xsi:schemaLocation="http://www.loc.gov/MARC21/slim http://www.loc.gov/standards/marcxml/schema/MARC21slim.xsd"
    xmlns="http://www.loc.gov/MARC21/slim">

  <leader>01545cam a22003854a 4500</leader>
  <controlfield tag="001">12544606</controlfield>
  <controlfield tag="003">OSt</controlfield>
  <controlfield tag="005">20180904201744.0</controlfield>
  <controlfield tag="008">010925s2002    maua     b    001 0 eng  </controlfield>
  <datafield tag="010" ind1=" " ind2=" ">
    <subfield code="a">  2001050357</subfield>
  </datafield>
  <datafield tag="020" ind1=" " ind2=" ">
    <subfield code="a">0792375424 (hardback : alk. paper)</subfield>
  </datafield>
  <datafield tag="020" ind1=" " ind2=" ">
    <subfield code="a">9780792375425</subfield>
  </datafield>
  <datafield tag="035" ind1=" " ind2=" ">
    <subfield code="a">(DNLM)101128761</subfield>
  </datafield>
  <datafield tag="040" ind1=" " ind2=" ">
    <subfield code="a">DNLM/DLC</subfield>
    <subfield code="c">DLC</subfield>
    <subfield code="d">DLC</subfield>
  </datafield>
  <datafield tag="042" ind1=" " ind2=" ">
    <subfield code="a">pcc</subfield>
  </datafield>
  <datafield tag="050" ind1="0" ind2="0">
    <subfield code="a">RC669.9</subfield>
    <subfield code="b">.F33 2002</subfield>
  </datafield>
  <datafield tag="060" ind1="1" ind2="0">
    <subfield code="a">WG 142</subfield>
    <subfield code="b">F142h 2002</subfield>
  </datafield>
  <datafield tag="082" ind1="0" ind2="0">
    <subfield code="a">616.107</subfield>
    <subfield code="2">21</subfield>
    <subfield code="b">FSH</subfield>
  </datafield>
  <datafield tag="100" ind1="1" ind2=" ">
    <subfield code="a">Factor, Stephen M.,</subfield>
    <subfield code="d">1942-</subfield>
    <subfield code="9">64787</subfield>
  </datafield>
  <datafield tag="245" ind1="1" ind2="0">
    <subfield code="a">Handbook of pathology and pathophysiology of cardiovascular disease /</subfield>
    <subfield code="c">by Stephen M. Factor, Maria A. Lamberti-Abadi, and Jacobo Abadi.</subfield>
  </datafield>
  <datafield tag="260" ind1=" " ind2=" ">
    <subfield code="a">Boston :</subfield>
    <subfield code="b">Kluwer Academic,</subfield>
    <subfield code="c">c2002.</subfield>
  </datafield>
  <datafield tag="300" ind1=" " ind2=" ">
    <subfield code="a">312 p. :</subfield>
    <subfield code="b">ill. ;</subfield>
    <subfield code="c">24 cm.</subfield>
  </datafield>
  <datafield tag="440" ind1=" " ind2="0">
    <subfield code="a">Developments in cardiovascular medicine ;</subfield>
    <subfield code="v">v. 240</subfield>
    <subfield code="9">37821</subfield>
  </datafield>
  <datafield tag="504" ind1=" " ind2=" ">
    <subfield code="a">Includes bibliographical references and index.</subfield>
  </datafield>
  <datafield tag="650" ind1=" " ind2="0">
    <subfield code="a">Cardiovascular system</subfield>
    <subfield code="x">Pathophysiology</subfield>
    <subfield code="v">Case studies.</subfield>
    <subfield code="9">64788</subfield>
  </datafield>
  <datafield tag="650" ind1=" " ind2="0">
    <subfield code="a">Cardiovascular system</subfield>
    <subfield code="x">Diseases</subfield>
    <subfield code="v">Case studies.</subfield>
    <subfield code="9">64789</subfield>
  </datafield>
  <datafield tag="650" ind1=" " ind2="0">
    <subfield code="a">Autopsy</subfield>
    <subfield code="v">Case studies.</subfield>
    <subfield code="9">64790</subfield>
  </datafield>
  <datafield tag="650" ind1="1" ind2="2">
    <subfield code="a">Cardiovascular Diseases</subfield>
    <subfield code="x">pathology</subfield>
    <subfield code="v">Case Report.</subfield>
    <subfield code="9">64791</subfield>
  </datafield>
  <datafield tag="650" ind1="1" ind2="2">
    <subfield code="a">Cardiovascular Diseases</subfield>
    <subfield code="x">physiopathology</subfield>
    <subfield code="v">Case Report.</subfield>
    <subfield code="9">64792</subfield>
  </datafield>
  <datafield tag="700" ind1="1" ind2=" ">
    <subfield code="a">Lamberti-Abadi, Maria A.,</subfield>
    <subfield code="d">1964-</subfield>
    <subfield code="9">64793</subfield>
  </datafield>
  <datafield tag="700" ind1="1" ind2=" ">
    <subfield code="a">Abadi, Jacobo,</subfield>
    <subfield code="d">1963-</subfield>
    <subfield code="9">64794</subfield>
  </datafield>
  <datafield tag="906" ind1=" " ind2=" ">
    <subfield code="a">7</subfield>
    <subfield code="b">cbc</subfield>
    <subfield code="c">orignew</subfield>
    <subfield code="d">1</subfield>
    <subfield code="e">ocip</subfield>
    <subfield code="f">20</subfield>
    <subfield code="g">y-gencatlg</subfield>
  </datafield>
  <datafield tag="942" ind1=" " ind2=" ">
    <subfield code="2">ddc</subfield>
    <subfield code="c">BOOK</subfield>
  </datafield>
  <datafield tag="999" ind1=" " ind2=" ">
    <subfield code="c">42742</subfield>
    <subfield code="d">312362</subfield>
  </datafield>
  <datafield tag="952" ind1=" " ind2=" ">
    <subfield code="1">0</subfield>
    <subfield code="2">2018-09-04</subfield>
    <subfield code="4">0</subfield>
    <subfield code="7">0</subfield>
    <subfield code="a">616.107 FSH</subfield>
    <subfield code="d">2018-09-04</subfield>
    <subfield code="h">CL</subfield>
    <subfield code="i">00657614</subfield>
    <subfield code="m">CL</subfield>
    <subfield code="r">2018-09-04 00:00:00</subfield>
    <subfield code="t">BOOK</subfield>
    <subfield code="w">ddc</subfield>
    <subfield code="y">0</subfield>
  </datafield>
  <datafield tag="952" ind1=" " ind2=" ">
    <subfield code="1">0</subfield>
    <subfield code="2">2018-09-04</subfield>
    <subfield code="4">0</subfield>
    <subfield code="7">0</subfield>
    <subfield code="a">616.107 FSH</subfield>
    <subfield code="d">2018-09-04</subfield>
    <subfield code="h">CL</subfield>
    <subfield code="i">00657615</subfield>
    <subfield code="m">CL</subfield>
    <subfield code="r">2018-09-04 00:00:00</subfield>
    <subfield code="t">BOOK</subfield>
    <subfield code="w">ddc</subfield>
    <subfield code="y">0</subfield>
  </datafield>
  <datafield tag="952" ind1=" " ind2=" ">
    <subfield code="1">0</subfield>
    <subfield code="2">2018-09-04</subfield>
    <subfield code="4">0</subfield>
    <subfield code="7">0</subfield>
    <subfield code="a">616.107 FSH</subfield>
    <subfield code="d">2018-09-04</subfield>
    <subfield code="h">CL</subfield>
    <subfield code="i">00657616</subfield>
    <subfield code="m">CL</subfield>
    <subfield code="r">2018-09-04 00:00:00</subfield>
    <subfield code="t">BOOK</subfield>
    <subfield code="w">ddc</subfield>
    <subfield code="y">0</subfield>
  </datafield>
  <datafield tag="952" ind1=" " ind2=" ">
    <subfield code="1">0</subfield>
    <subfield code="2">2018-09-04</subfield>
    <subfield code="4">0</subfield>
    <subfield code="7">0</subfield>
    <subfield code="a">616.107 FSH</subfield>
    <subfield code="d">2018-09-04</subfield>
    <subfield code="h">AMF</subfield>
    <subfield code="i">00657864</subfield>
    <subfield code="m">AMF</subfield>
    <subfield code="r">2018-09-04 00:00:00</subfield>
    <subfield code="t">BOOK</subfield>
    <subfield code="w">ddc</subfield>
    <subfield code="y">0</subfield>
  </datafield>
  <datafield tag="952" ind1=" " ind2=" ">
    <subfield code="1">0</subfield>
    <subfield code="2">2018-09-04</subfield>
    <subfield code="4">0</subfield>
    <subfield code="7">0</subfield>
    <subfield code="a">616.107 FSH</subfield>
    <subfield code="d">2018-09-04</subfield>
    <subfield code="h">AMF</subfield>
    <subfield code="i">00657865</subfield>
    <subfield code="m">AMF</subfield>
    <subfield code="r">2018-09-04 00:00:00</subfield>
    <subfield code="t">BOOK</subfield>
    <subfield code="w">ddc</subfield>
    <subfield code="y">0</subfield>
  </datafield>
</record>
